Význam jazykovej kompetencie a jazykovej politiky v migračnom aspekte
Migračné tendencie v Európe možno označiť za jedny z najaktuálnejších a najdiskutovanejších fenoménov súčasnej doby. Významnú úlohu zohráva kultúrny a lingvistický aspekt. Primárnym cieľom jazykovej politiky Európskej únie je ochrana národných aj regionálnych jazykov a taktiež výučba cudzích jazyko...
Salvato in:
| Autore principale: | |
|---|---|
| Natura: | Capitolo di libro |
| Lingua: | slovacco |
| Soggetti: | |
| Tags: |
Nessun Tag, puoi essere il primo ad aggiungerne!!
|
MARC
| LEADER | 00000nla a2200000 4500 | ||
|---|---|---|---|
| 001 | 0226686 | ||
| 005 | 20240502073732.2 | ||
| 041 | 0 | |a slo | |
| 044 | |a SK | ||
| 245 | 1 | 0 | |a Význam jazykovej kompetencie a jazykovej politiky v migračnom aspekte |c Michaela Čiefová |
| 520 | |a Migračné tendencie v Európe možno označiť za jedny z najaktuálnejších a najdiskutovanejších fenoménov súčasnej doby. Významnú úlohu zohráva kultúrny a lingvistický aspekt. Primárnym cieľom jazykovej politiky Európskej únie je ochrana národných aj regionálnych jazykov a taktiež výučba cudzích jazykov v európskom priestore. Predpokladom úspešnej interkultúrnej komunikačnej situácie je interkultúrna kompetencia. | ||
| 610 | 2 | 0 | |a migrácia |
| 610 | 2 | 0 | |a utečenci |
| 610 | 2 | 0 | |a komunikácia interkultúrna |
| 610 | 2 | 0 | |a kompetencie interkultúrne |
| 610 | 2 | 0 | |a jazyky cudzie |
| 100 | 1 | |a Čiefová, Michaela, 1991- | |